000 00645nam a2200229Ia 4500
005 20260320201610.0
008 008 262003s9999 xx 000 0 eng d
037 _aEBOOK
040 _aCRL
040 _beng
040 _cCRL
041 _2eng
041 _aeng
084 _qCRL
100 _aCheepati
_91135460
245 0 _aDesigning Control Strategies for Harmonic Power Filters to Improve the Power Quality in Distribution Networks: Harmonic Power Filters Design
260 _bIEEE
856 _uhttps://ieeexplore.ieee.org/servlet/opac?bknumber=10955326
942 _cEBOOK
999 _c1722315
_d1722315